| 000 | 02713cam a2200625 i 4500 | ||
|---|---|---|---|
| 001 | xx004672130 | ||
| 003 | NUKAT | ||
| 005 | 20260415134038.0 | ||
| 008 | 190725s2019 pl a |001 0bpol c | ||
| 020 |
_a9788380986367 _q(oprawa twarda) : _czł 20,00 |
||
| 035 | _a(OCoLC)1111755666 | ||
| 035 | _a(NUKAT)xx004672130 | ||
| 040 |
_aWR U/da _bpol _erda _cWR U/das _dWR U/hp _dWA 14/PTs _dOLSZT 008/bak |
||
| 045 | 2 |
_bd1913 _bd1989 |
|
| 046 | _k2019 | ||
| 100 | 1 |
_aWierzbicki, Marek _d(1964- ). _eAutor _940092 |
|
| 245 | 1 | 0 |
_aCzłowiek z Polski : _bprezydent RP Kazimierz Aleksander Sabbat (1913-1989) i polska emigracja niepodległościowa / _cMarek Wierzbicki ; Instytut Pamięci Narodowej - Komisja Ścigania Zbrodni przeciwko Narodowi Polskiemu. Oddział w Lublinie. |
| 246 | 3 | 0 | _aPrezydent RP Kazimierz Sabbat (1913-1989) i polska emigracja niepodległościowa |
| 260 |
_aLublin ; _aWarszawa : _bInstytut Pamięci Narodowej, _c2019. |
||
| 300 |
_a175 stron : _bilustracje (w tym kolorowe) ; _c25 cm. |
||
| 336 |
_aTekst _btxt _2rdacontent |
||
| 337 |
_aBez urządzenia pośredniczącego _bn _2rdamedia |
||
| 338 |
_aWolumin _bnc _2rdacarrier |
||
| 380 | _aKsiążki | ||
| 380 | _aPublikacje naukowe | ||
| 385 | _aHistorycy | ||
| 385 | _aPolitolodzy | ||
| 388 | 1 | _a2001- | |
| 504 | _aBibliografia na stronach 159-166. Indeksy. | ||
| 600 | 1 | 7 |
_aSabbat, Kazimierz _d(1913-1989). _2kaba _940095 |
| 600 | 1 | 7 |
_aSabbat, Kazimierz _d(1913-1989) _2DBN _940093 |
| 610 | 2 | 7 |
_aRząd Rzeczypospolitej Polskiej na uchodźstwie _2DBN _939662 |
| 648 | 7 |
_a1901-2000 _2DBN _934996 |
|
| 650 | 7 |
_aPolacy _zza granicą _y1945-1990. _2kaba _940096 |
|
| 650 | 7 |
_aHarcerze i harcerki _2DBN _940094 |
|
| 650 | 7 |
_aEmigracja _2DBN _939632 |
|
| 650 | 7 |
_aEmigracja polityczna _2DBN _937405 |
|
| 650 | 7 |
_aPolacy za granicą _2DBN _935953 |
|
| 650 | 7 |
_aPolityka _2DBN _935231 |
|
| 650 | 7 |
_aPrezydenci _2DBN _939664 |
|
| 650 | 7 |
_aPRL _2DBN _935084 |
|
| 650 | 7 |
_aPrzywódcy i głowy państw _2DBN _937320 |
|
| 651 | 7 |
_aPolska _xemigracja i imigracja _y1945-1990. _2kaba _914129 |
|
| 651 | 7 |
_aPolska _y1944-1989 (Polska Ludowa). _2kaba _914586 |
|
| 651 | 7 |
_aPolska _2DBN _935076 |
|
| 651 | 7 |
_aWielka Brytania _2DBN _936137 |
|
| 655 | 7 |
_aBiografia _2DBN _935059 |
|
| 655 | 7 |
_aMonografia _2DBN _935240 |
|
| 658 | _aHistoria | ||
| 658 | _aPolityka, politologia, administracja publiczna | ||
| 710 | 2 |
_aInstytut Pamięci Narodowej - Komisja Ścigania Zbrodni przeciwko Narodowi Polskiemu. _bOddział (Lublin). _eInstytucja sprawcza _914495 |
|
| 710 | 2 |
_aInstytut Pamięci Narodowej - Komisja Ścigania Zbrodni przeciwko Narodowi Polskiemu. _eWydawca _4pbl _911792 |
|
| 920 | _a978-83-8098-636-7 (oprawa twarda) : zł 20,00 | ||
| 942 |
_2ddc _cBK_NM |
||
| 999 |
_c27593 _d27593 |
||